00237nam a2200109Ia 4500008004100000100001400041245002500055260001500080300001000095942000700105999001500112190216s9999||||xx |||||||||||||| ||und|| aGupta R L 0aAdvanced Accountancy bNullc1978 a3175p cBK c4190d4190